Responses for Show #7452 - Tuesday, January 24, 2017

Contestants

[<< previous game]

Loren Lee Chen, a basketball podcaster from West Newton, Massachusetts

Derek Anderson, an attorney from Falls Church, Virginia

Sean Harrington, an engineer from Houston, Texas (whose 1-day cash winnings total $9,200)

[next game >>]

Jeopardy! Round responses

IN THE WORLD CAPITAL
WARTHOGS
STUPID ANSWERS
SAY IT IN ITALIAN
THE DEVILS
DEEP BLUE "C"
    $200 8
Stockholm

Loren
    $200 20
tusks

Sean
    $200 2
Girls

Sean
    $200 5
ciao

Loren
    $200 6
Duke (University)

Sean
    $200 1
cadet

Loren
    $400 10
Hanoi

Derek
    $400 27
lions and leopards

Loren
    $400 3
the longhorn

Sean
    $400 17
bambino

Loren
    $400 21
(Alex: Arizona State, yes.)

the Sun Devils

Derek
    $400 7
Carolina

Loren
    $600 11
(Loren: What is Ankara?)

Cairo

DerekLoren
    $600 28
Pumbaa

Loren
    $600 4
Vinci

Loren
    $600 18
Prego

Sean
    $600 22
(Loren: What is Illinois Tech?)

Eureka College

Loren
Triple Stumper
    $600 15
cyan

Loren
    $800 12
Warsaw

Derek
    $800 29
an aardvark

Sean
    $800 9
Greenpeace

Derek
    $800 25
arrivederci

Derek
    $800 23
the New Jersey Devils

Derek
    $1,600 16
cobalt

Loren
    $1000 13
Vienna

Sean
    $1000 30
(Sean: What is spotted?)

swine fever

SeanDerek
    $1000 14
(Sean: What is "The Sting"?)

"The Entertainer"

Sean
Triple Stumper
    $1000 26
Così fan tutte

Triple Stumper
    $1000 24
Manchester United

Loren
    $1000 19
cerulean

Loren

Scores at the first commercial break (after clue 15):

Sean Derek Loren
$800 $2,600 $1,600

Scores at the end of the Jeopardy! Round:

Sean Derek Loren
$1,400 $5,600 $6,000

Double Jeopardy! Round responses

ANTARCTICA
A CAMEO APPEARANCE
PLAY SETTINGS
HISTORY
THE MIND
"ESTER" PARADE
    $400 20
glaciers

Sean
    $400 8
Serena Williams

Derek
    $400 24
Streetcar Named Desire

Derek
    $400 3
(Loren: What is Sardinia?)

Palermo

Loren
Triple Stumper
    $400 2
burnout

Derek
    $400 7
semester

Loren
    $800 22
iron

Sean
    $800 9
Cape Fear

Derek
    $800 25
(Alex: Less than a minute now.)

Antony and Cleopatra

Triple Stumper
    $800 4
the Arab Spring

Sean
    $800 5
(Sean: What are dopamines?)
[Originally ruled incorrect; ruled correct before the first Daily Double]

neurotransmitters (or dopamines)

Sean
    $800 12
Northwestern

Loren
    $1200 10
Christopher Lloyd

Loren
    $5,000 26
(Derek: What is The Sound and the Fury?)

The Miracle Worker

Derek
    $3,000 11
the Black Panthers

Loren
    $1200 18
dyslexia

Derek
    $1200 13
polyester

Sean
    $1600 19
Howard the Duck

Loren
    $1600 27
The Importance of Being Earnest

Triple Stumper
    $1600 16
Madame de Pompadour

Triple Stumper
    $1600 17
lucid

Loren
    $1600 14
(Sean: What is a thresher?)

a harvester

Sean
Triple Stumper
    $2000 23
emperor penguins

Loren
    $2000 21
David Cronenberg

Derek
    $2000 28
[The end-of-round signal sounds.]

A Doll's House

Triple Stumper
    $2000 15
the Ainu

Triple Stumper
    $2000 6
confirmation bias

Loren
    $2000 1
Winchester

Loren

Scores at the end of the Double Jeopardy! Round:

Sean Derek Loren
$3,800 $5,800 $20,200
(lock game)

[wagering suggestions for these scores]

Final Jeopardy! Round responses

MEDALS & DECORATIONS
(Alex: You had to zoom in on 1927.)
...
(Alex: [To Loren] Lindy won it in '27.)
SeanWho is Amelia Earhardt?
$400
DerekWho was Leakey
$1,800
LorenWho is Earhart?
$301
Anne Morrow Lindbergh

Final scores:

Sean Derek Loren
$3,400 $4,000 $19,899
3rd place: $1,000 2nd place: $2,000 New champion: $19,899

Game dynamics:

Coryat scores:

Sean Derek Loren
$3,800 $10,800 $17,600
12 R,
3 W
14 R,
1 W
(including 1 DD)
21 R
(including 2 DDs),
3 W

Combined Coryat: $32,200

[game clues] [game scores] [suggest correction]

Game tape date: 2016-09-28
The J! Archive is created by fans, for fans. Scraping, republication, monetization, and malicious use prohibited; this site may use cookies and collect identifying information. See terms. The Jeopardy! game show and all elements thereof, including but not limited to copyright and trademark thereto, are the property of Jeopardy Productions, Inc. and are protected under law. This website is not affiliated with, sponsored by, or operated by Jeopardy Productions, Inc. Join the discussion at JBoard.tv.